000 00819nam a2200229 a 4500
008
020 _a9085045428 (pbk.)
049 _aMAIN
090 _aTC555
_bZAW
100 1 _aZawe, Conrade.
245 1 0 _aReforms in turbulent times :
_ba study on the theory and practice of three irrigation management policy reform models in mashonaland, zimbabwe /
_cConrade Zawe.
260 _aWageningen :
_bWageningen UR. Prom/coprom,
_cc2006.
300 _axviii, 353 p. ;
_bill. ;
_c24 cm.
504 _aIncludes bibliographical references.
650 1 _aWater resouce management
_xland tenure
_zZimbabwe.
650 _aIrrigation policy
_zZimbawe.
907 _a.b10282956
_b20-09-10
_c10-09-10
003
005 20230120144452.0
040 _cNUST
942 _cBOOKS
_kTC555
_mZAW
999 _c97403
_d97403